[Event "Sachsen-Anhalt Landesliga-B 1920"]
[Site "Sachsen Anhalt"]
[Date "2019.09.29"]
[Round "1.7"]
[White "Wieczorek, Martin"]
[Black "Ruhs, Marco"]
[Result "1-0"]
[WhiteElo "1595"]
[BlackElo "1769"]
[PlyCount "55"]
[EventDate "2019.09.29"]
[EventType "team-tourn"]
[EventRounds "9"]
[EventCountry "GER"]
[SourceTitle "EXT 2023"]
[Source "ChessBase"]
[SourceDate "2022.10.05"]
[SourceVersion "1"]
[SourceVersionDate "2022.10.05"]
[SourceQuality "1"]
[WhiteTeam "Dessau II"]
[BlackTeam "Halle USV III"]
[WhiteTeamCountry "GER"]
[BlackTeamCountry "GER"]

1. d4 Nf6 2. c4 e6 3. g3 d5 4. Nf3 c5 5. cxd5 Qxd5 6. Nc3 Qd8 7. Bg2 Nc6 8. Qa4 Bd7 9. dxc5 Bxc5 10. Qc4 Qb6 11. 0-0 Be7 12. Be3 Qa5 13. Rfd1 0-0 14. a3 Rac8 15. Qb3 b6 16. Bg5 Rfd8 17. Rac1 h6 18. Bf4 Be8 19. Rxd8 Nxd8 20. Rd1 Nb7 21. Nd4 Qa6 22. Nxe6 Na5 23. Qa2 fxe6 24. Qxe6+ Kf8 25. Nd5 Nc6 26. Nxe7 Nxe7 27. Bd6 Rc2 28. Bxe7# 1-0

[Event "Berlin Lichtenberger op 18th"]
[Site "Berlin"]
[Date "2019.08.23"]
[Round "7"]
[White "Wieczorek, Martin"]
[Black "Matitschka, Heinz"]
[Result "1/2-1/2"]
[WhiteElo "1565"]
[BlackElo "1930"]
[PlyCount "79"]
[EventDate "2019.08.17"]
[EventType "swiss"]
[EventRounds "9"]
[EventCountry "GER"]
[SourceTitle "EXT 2020"]
[Source "ChessBase"]
[SourceDate "2019.10.17"]
[SourceVersion "1"]
[SourceVersionDate "2019.10.17"]
[SourceQuality "1"]

1. d4 Nf6 2. c4 e6 3. g3 d5 4. Nf3 Bb4+ 5. Bd2 Be7 6. Bg2 0-0 7. 0-0 Nbd7 8. Bf4 c6 9. Nbd2 Nh5 10. Be3 f5 11. Nb3 f4 12. Bd2 Ndf6 13. Ne5 Ne4 14. g4 Nxd2 15. Qxd2 Nf6 16. Qxf4 Nd7 17. Qe3 Nxe5 18. dxe5 Bd7 19. c5 Be8 20. Rac1 g5 21. Nd4 Qd7 22. Qg3 Bg6 23. e3 Rf7 24. b4 a5 25. b5 Bd3 26. bxc6 bxc6 27. Rfd1 Bc4 28. f4 gxf4 29. exf4 Bxc5 30. Kh1 Bxd4 31. Rxd4 Be2 32. Rd2 Bb5 33. Rdc2 Raf8 34. Rf2 Kh8 35. Re1 Rg7 36. Qa3 Rfg8 37. h3 Qa7 38. Rf3 h5 39. g5 c5 40. h4 1/2-1/2

[Event "Berlin Lichtenberger op 18th"]
[Site "Berlin"]
[Date "2019.08.20"]
[Round "4"]
[White "Fock, Sana"]
[Black "Wieczorek, Martin"]
[Result "0-1"]
[WhiteElo "1800"]
[BlackElo "1565"]
[PlyCount "86"]
[EventDate "2019.08.17"]
[EventType "swiss"]
[EventRounds "9"]
[EventCountry "GER"]
[SourceTitle "EXT 2020"]
[Source "ChessBase"]
[SourceDate "2019.10.17"]
[SourceVersion "1"]
[SourceVersionDate "2019.10.17"]
[SourceQuality "1"]

1. e4 e6 2. d4 d5 3. Nd2 Nf6 4. e5 Nfd7 5. Bd3 c5 6. c3 Nc6 7. Ndf3 cxd4 8. cxd4 f6 9. exf6 Nxf6 10. Ne2 Bd6 11. 0-0 Qc7 12. h3 0-0 13. a3 Bd7 14. Re1 Rae8 15. Bg5 e5 16. dxe5 Nxe5 17. Nxe5 Bxe5 18. Rc1 Qd6 19. Nc3 Bd4 20. Rxe8 Bxe8 21. Qd2 Bb6 22. Bf4 Qd8 23. Bf5 Nh5 24. Bg5 Qd6 25. Nxd5 Bxf2+ 26. Qxf2 Qxd5 27. Rc5 Qd1+ 28. Kh2 Qd6+ 29. Kg1 g6 30. g4 Ng7 31. Qe3 gxf5 32. Be7 Qd1+ 33. Kh2 Rf7 34. gxf5 Bc6 35. Rxc6 bxc6 36. f6 Qc2+ 37. Kg1 Qg6+ 38. Kh1 Qb1+ 39. Kg2 Qxb2+ 40. Kh1 Qb1+ 41. Kg2 Qg6+ 42. Kh1 Nh5 43. Qxa7 Nxf6 0-1

[Event "Berlin Lichtenberger op 18th"]
[Site "Berlin"]
[Date "2019.08.17"]
[Round "1"]
[White "Scheide, Helmut"]
[Black "Wieczorek, Martin"]
[Result "1-0"]
[WhiteElo "1921"]
[BlackElo "1565"]
[PlyCount "45"]
[EventDate "2019.08.17"]
[EventType "swiss"]
[EventRounds "9"]
[EventCountry "GER"]
[SourceTitle "EXT 2020"]
[Source "ChessBase"]
[SourceDate "2019.10.17"]
[SourceVersion "1"]
[SourceVersionDate "2019.10.17"]
[SourceQuality "1"]

1. Nf3 e6 2. d4 f5 3. c4 Nf6 4. Nc3 Bb4 5. Qc2 0-0 6. g3 d5 7. e3 Bd7 8. a3 Be7 9. Ne5 Nc6 10. Nxd7 Qxd7 11. cxd5 exd5 12. Bd3 Ne4 13. Nxd5 Rae8 14. 0-0 Bd6 15. Nc3 Ng5 16. f4 Ne4 17. Nxe4 fxe4 18. Bxe4 h5 19. Bg6 Re7 20. Qc4+ Kh8 21. Qd5 Bxf4 22. Qxd7 Bxe3+ 23. Bxe3 1-0

[Event "Berlin Lichtenberger op 17th"]
[Site "Berlin"]
[Date "2018.08.23"]
[Round "6"]
[White "Wieczorek, Martin"]
[Black "Kohlmeyer, Dagobert"]
[Result "0-1"]
[WhiteElo "1426"]
[BlackElo "1858"]
[PlyCount "102"]
[EventDate "2018.08.18"]
[EventType "swiss"]
[EventRounds "9"]
[EventCountry "GER"]
[SourceTitle "CBM 186 Extra"]
[Source "ChessBase"]
[SourceDate "2018.08.24"]
[SourceVersion "1"]
[SourceVersionDate "2018.08.24"]
[SourceQuality "1"]

1. d4 Nf6 2. c4 g6 3. Nf3 Bg7 4. g3 0-0 5. Bg2 c6 6. 0-0 d5 7. cxd5 cxd5 8. Nc3 Nc6 9. Bf4 a6 10. Rc1 e6 11. Qd2 Ne4 12. Nxe4 dxe4 13. Ng5 Qxd4 14. Qxd4 Nxd4 15. Rfe1 e5 16. Bd2 f5 17. Rc7 h6 18. Nh3 Rf7 19. Rxf7 Kxf7 20. f3 exf3 21. exf3 Bd7 22. Bc3 Bc6 23. Nf2 Rd8 24. Bxd4 Rxd4 25. Rd1 Rxd1+ 26. Nxd1 Bf8 27. a3 Bc5+ 28. Kf1 Bb5+ 29. Ke1 Bd4 30. Kd2 Ke6 31. Nc3 Bxc3+ 32. Kxc3 Kd5 33. g4 fxg4 34. fxg4+ e4 35. b3 Be2 36. h3 Ke5 37. Kd2 Bf3 38. Bxf3 exf3 39. Ke3 f2 40. Kxf2 Kf4 41. Kg2 Ke3 42. Kg3 g5 43. b4 b5 44. h4 Ke4 45. hxg5 hxg5 46. Kh2 Kf4 47. Kh3 Kf3 48. Kh2 Kxg4 49. Kg2 Kf4 50. Kf2 Ke4 51. Ke2 Kd4 0-1

[Event "Berlin Lichtenberger op 17th"]
[Site "Berlin"]
[Date "2018.08.22"]
[Round "5"]
[White "Mueller, Johannes1111"]
[Black "Wieczorek, Martin"]
[Result "0-1"]
[WhiteElo "1775"]
[BlackElo "1426"]
[PlyCount "78"]
[EventDate "2018.08.18"]
[EventType "swiss"]
[EventRounds "9"]
[EventCountry "GER"]
[SourceTitle "CBM 186 Extra"]
[Source "ChessBase"]
[SourceDate "2018.08.24"]
[SourceVersion "1"]
[SourceVersionDate "2018.08.24"]
[SourceQuality "1"]

1. e4 e6 2. d4 d5 3. Nc3 Nf6 4. e5 Nfd7 5. Nce2 c5 6. c3 Nc6 7. f4 Qb6 8. Nf3 cxd4 9. cxd4 Be7 10. g3 f6 11. Bh3 0-0 12. Bxe6+ Kh8 13. Bxd5 fxe5 14. Bxc6 Qxc6 15. 0-0 e4 16. Ne5 Nxe5 17. fxe5 Bd7 18. Be3 g5 19. Qd2 Bh3 20. Rxf8+ Rxf8 21. d5 Qg6 22. Qe1 Rf1+ 23. Qxf1 Bxf1 24. Rxf1 Qa6 25. Nc3 Qd3 26. Bxa7 Bb4 27. e6 Qc4 28. Rf7 Kg8 29. Rf5 h6 30. Bb8 Bc5+ 31. Kg2 Qd3 32. Kh3 e3 33. Re5 Qf1+ 34. Kg4 Qf6 35. Ne4 Qg6 36. Nxc5 h5+ 37. Kh3 Qf6 38. Rxg5+ Qxg5 39. Nd7 Qf5+ 0-1